[Event "Noviki-A"]
[Site "Budapest"]
[Date "1990.??.??"]
[Round "6"]
[White "Fauland, Alexander"]
[Black "Horvath, Jozsef"]
[Result "1-0"]
[WhiteElo "2480"]
[BlackElo "2525"]
[Annotator "Ribli,Z"]
[PlyCount "67"]
[EventDate "1990.??.??"]
[EventType "tourn"]
[EventRounds "11"]
[EventCountry "HUN"]
[EventCategory "9"]
[SourceTitle "CBM 019"]
[Source "ChessBase"]
[SourceDate "1990.12.01"]
[SourceVersion "1"]
[SourceVersionDate "1990.12.01"]
[SourceQuality "1"]

1. c4 c5 2. g3 Nf6 3. Bg2 d5 4. cxd5 Nxd5 5. Nc3 Nc7 6. Qb3 Nc6 7. Bxc6+ $5
bxc6 8. Nf3 f6 9. Qa4 Bd7 10. d3 e5 11. O-O (11. Be3 Rb8 12. O-O Nd5 13. Rfc1 (
13. Ne4 $5) 13... a5 14. Bd2 Rxb2 $13 {Quinteros-Sokolov,A Biel izt 1985 40/62}
) 11... Rb8 (11... Be7 12. Be3 Rb8 13. Rfc1 Ne6 14. Qxa7 $1 $14 {Dorfman,
I-Thorsteins,K New York op 1989 47/(59) CBM 12}) 12. Ne4 Nd5 13. Be3 Rxb2 14.
Rab1 $1 Rb5 15. Rxb5 cxb5 16. Qxa7 Nxe3 17. fxe3 Qc8 18. Rc1 $1 c4 19. a4 $1
Bc6 20. axb5 Bxe4 21. dxe4 Qc5 22. Qa8+ $1 Kf7 23. Qd5+ Qxd5 24. exd5 Bc5 25.
Rxc4 Bxe3+ 26. Kg2 Rd8 27. Rc3 Bd4 28. Nxd4 exd4 29. Rb3 Rxd5 30. b6 Rd8 31. b7
Rb8 32. Kf3 f5 33. Kf4 Ke6 34. Rb6+ {Ribli} 1-0

[Event "RUS-ch51"]
[Site "St Petersburg"]
[Date "1998.07.31"]
[Round "4"]
[White "Ivanov, Sergey"]
[Black "Svidler, Peter"]
[Result "1/2-1/2"]
[WhiteElo "2550"]
[BlackElo "2710"]
[Annotator "Ribli,Z"]
[PlyCount "101"]
[EventDate "1998.07.28"]
[EventType "swiss"]
[EventRounds "11"]
[EventCountry "RUS"]
[SourceTitle "CBM 067"]
[Source "ChessBase"]
[SourceDate "1998.11.30"]
[SourceVersion "2"]
[SourceVersionDate "1998.11.01"]
[SourceQuality "1"]

{[%mdl 4160]} 1. Nf3 Nf6 2. c4 c5 3. Nc3 d5 4. cxd5 Nxd5 5. e3 (5. e4 $5 {
wäre die prinzipielle Fortsetzung. Ribli.}) 5... Nxc3 6. bxc3 g6 {Schwarz
besetzt mit seinem Königsläufer die lange Diagonale.} 7. d4 Bg7 {Die Stellung
ist jetzt typisch für die Grünfeld-Indische-Verteidigung, die eine beliebte
Waffe Svidlers gegen 1.d4 ist.} 8. Bd3 (8. Bb5+ $5) 8... O-O 9. O-O Nc6 $6 {
Meines Erachtens wäre es flexibler, zuerst nur 9...Qc7 zu ziehen, um sich
später zwischen ...Nc6 oder ...Nd7 zu entscheiden.} (9... Qc7 10. Qe2 Rd8 (
10... b6 11. Rd1 Nc6 12. Be4 Rb8 13. Ba3 Nd8 14. dxc5 bxc5 15. Qc4 Ne6 16. Bd5
{1-0 Adorjan,A-Tseshkovsky,V/Riga IZT (66)}) 11. Rd1 b6 12. Bb2 (12. Ba3 Bb7
13. Rac1 Nc6 14. Nd2 Qd7 15. Nb3 cxd4 16. cxd4 e6 17. Bc4 a5 18. Bb5 {1-0
Razuvaev,Y-Topokian,R/Biel 1994 (36)}) 12... Nc6 13. Rac1 Bb7 14. e4 e6 15. h4
(15. Qe3 Rac8 16. h4 h6 17. Be2 Qe7 18. h5 g5 19. Ba3 Bf8 20. dxc5 Qf6 21. e5
Qf4 22. Qxf4 gxf4 23. Rxd8 Rxd8 24. Rd1 {1/2-1/2 Portisch,L-Kasparov,G/Madrid
1988 (69)}) 15... Rac8 16. h5 Qf4 17. hxg6 hxg6 18. Bb1 Na5 19. Re1 Qg4 20.
Rcd1 cxd4 21. cxd4 Nc4 22. Bc1 b5 23. g3 Re8 24. Kg2 f5 25. Ng5 {1/2-1/2
Kramnin,V-Topalov,V/Wijk aan Zee 1998 (25)}) 10. Ba3 $1 cxd4 (10... b6 $5 {
Das ist ein typisches Motiv. Schwarz opfert einen Bauern für offene Linien am
Damenflügel.} 11. dxc5 Qc7 12. Be4 (12. cxb6 axb6 $44) 12... Bb7 13. Qc2 Na5
14. Rab1 Rfc8 15. cxb6 $5 (15. c4 Rab8 16. Rfc1 bxc5 17. Ng5 e6 18. Bxb7 Nxb7
$11) 15... axb6 16. Bxb7 Qxb7 17. Bb4 Nc4 18. a4 $14) 11. cxd4 {Jetzt hat Weiß
ein starkes Bauernzentrum und Schwarz keine konkreten Angriffspunkte.} Qa5 (
11... Bg4 12. Be4 Rc8 13. Rc1 Re8 14. h3 Bd7 15. Qe2 Qa5 16. Qb2 b6 17. Rc2 e6
18. Rfc1 Nb8 19. Bd6 Rxc2 20. Rxc2 Na6 21. Qc1 Bf8 22. Bxf8 Rxf8 23. a3 {
1-0 Cooper,J-Omuku,E/Novi Sad 1990 (33)}) 12. Bb2 (12. Qc1 $5 Rd8 (12... Bg4 $5
) 13. Rb1 Bg4 14. Rxb7 Bxf3 15. gxf3 Qg5+ 16. Kh1 Rac8 17. Qd1 Qh4 18. f4 Rd5
19. Qf3 Ra5 20. Bc5 Rxa2 21. Bb5 Nd8 22. Rxe7 Ne6 23. Rxe6 fxe6 24. Bc4 Rxc5
25. Bxe6+ Kf8 26. dxc5 {1-0 Olafsson,H-Castillo Gallego,S/Linares op 1994 (32)}
) 12... Be6 (12... e5 $5 {Dieser Zug bietet dem Schwarzen gute
Ausgleichschancen. Warum hat Svidler diese Fortsetzung nicht gewählt?
Vielleicht wollte er die Stellung komplizieren, denn er hat schließlich 160
Elo-Punkte mehr.} 13. dxe5 Nxe5 14. Nxe5 Bxe5 $11) 13. Qe2 (13. Nd2 $5 {
[%cal Gd2b3,Gb3c5]}) (13. Qd2 Qxd2 14. Nxd2 Rac8 $11) 13... Rac8 {Die schwarze
Drohung ist 14...Nb4 und, wenn möglich, 15...Bc4.} 14. a3 {Weiß verhindert ...
Nb4.} (14. Rfc1 Nb4 {[%csl Gb4,Rd3]}) 14... Qa4 15. Ng5 $14 {[%csl Re6,Gg5]} (
15. Rfc1 Rfd8 $11) 15... Bd5 16. Nxh7 $1 $36 {[#] Ein unerwarteter Zug. Dieses
Springeropfer ist gar nicht typisch, aber Weiß gewinnt einen Bauern und/oder
bekommt das Läuferpaar.} (16. Rac1 e6 17. e4 Bb3 18. Nf3 a6 19. d5) (16. e4 Bb3
$132 {[%csl Rd4] 1/2-1/2 Chuchelov,V-Rytshagov,M/Capelle 1993 (19)}) 16... Kxh7
(16... Bxg2 17. Kxg2 (17. Nxf8 Bxf1 18. Rxf1 Kxf8 $11) 17... Kxh7 18. h4 $40 {
[%csl Rh7][%cal Rh4h5] Weiß droht 19.h5 mit starkem Angriff. In der schwarzen
Stellung macht sich das Fehlen des weißfeldrigen Läufers bemerkbar.}) 17. Qh5+
{[%cal Rh5h7,Rh5d5,Gd3h7]} Kg8 18. Qxd5 {Weiß besitzt einen Mehrbauern und das
Läuferpaar. Schwarz muß sofort reagieren, sonst verwertet Weiß seinen Vorteil.}
e5 (18... Rfd8 19. Qb5 (19. Qe4) (19. Qa2) 19... Qxb5 20. Bxb5 $16) 19. dxe5 (
19. Bb5 Qc2 $132 {[%csl Rb2,Gc2,Rd4]} (19... Qa5 $2 20. Bxc6 $18 {[%cal Rd5a5]}
)) 19... Rfd8 20. Qe4 (20. Qb5 Qxb5 21. Bxb5 Nxe5 22. Bxe5 Bxe5 23. Rad1 $14 {
Weiß besitzt einen Mehrbauern, aber Schwarz steht aktiv und die
ungleichfarbigen Läufer bieten ihm gute Remischancen.}) (20. Qc4 Qxc4 21. Bxc4
Nxe5 22. Bxe5 Bxe5 23. Rac1 Bb2 24. Rc2 Bxa3 $11) 20... Qb3 {[%cal Rb3d3,Rb3b2]
} (20... Qxe4 21. Bxe4 $16 {[%csl Rb7,Ge4]}) 21. Bd4 $8 Nxd4 (21... Nxe5 22.
Be2 $16 (22. Bxe5 Qxd3 23. Qxd3 Rxd3 24. Bxg7 Kxg7 $11 {[%csl Gc8,Gd3] Die
aktiven schwarzen Türme kompensieren den weißen Mehrbauern.})) 22. exd4 Qd5 (
22... Qb2 23. e6 $16 {[%csl Gd3,Ge4,Ge6,Rg8]}) 23. Rad1 (23. Qxd5 Rxd5 24. e6
Rxd4 $14) 23... Qxd4 24. e6 Qxe4 (24... fxe6 $2 25. Qxe6+ $18) 25. Bxe4 $5 (25.
exf7+ Kxf7 26. Bxe4 b5 27. g3 $14) 25... fxe6 {[%csl Ge4]} (25... Rxd1 26. Rxd1
fxe6 27. Bxg6 $16) 26. Bxb7 $6 (26. Bxg6 b5 27. g3 $16 {Diese Fortsetzung
bietet dem Weißen bessere Chancen als die Partiefortsetzung, wenngleich der
Gewinn noch weit entfernt ist.}) 26... Rxd1 27. Rxd1 (27. Bxc8 Rxf1+ 28. Kxf1
Kf7 $11 {Der Mehrbauer ist in diesem ungleichfarbigen Läuferendspiel
bedeutungslos.}) 27... Rc3 {[%csl Gc3]} 28. a4 Bd4 $1 {[%csl Gd4,Rf2] Schwarz
aktiviert seine Figuren. Der Läufer steht ausgezeichnet im Zentrum und ist
natürlich wegen Grundreihenmatt tabu.} 29. g3 (29. h3 e5 $14) 29... e5 {
[%csl Gd4] Der Läufer - Stolz der schwarzen Stellung - wird gedeckt.} 30. Rd2 (
30. Be4 Kf7 31. Rb1 Bb6 $14) 30... Kg7 31. Be4 g5 32. Kg2 (32. Rb2 $4 Rc1+ $19
{[%cal Rc1g1,Rd4b2]}) 32... Rb3 {[%csl Rf2][%cal Gb3b2,Gb2f2]} 33. Rc2 Rb2 34.
Rc7+ (34. Rxb2 Bxb2 $11) 34... Kf6 35. Bc2 (35. Rc2 Rxc2 36. Bxc2 $11) 35... e4
$5 {Schwarz reduziert das Material.} 36. Kf1 (36. Bxe4 Rxf2+ $14) (36. Rc4 e3
37. fxe3 (37. Rxd4 Rxc2 $11 {[%csl Rf2][%cal Rc2g2]}) 37... Bxe3 $14) 36... e3
37. fxe3 Bxe3 38. Ke2 Bg1 {[%csl Rh2]} (38... Bb6 $14) 39. h3 Ra2 (39... Ke5
$14) 40. Rc6+ Ke5 41. h4 {Endlich bildet sich Weiß einen Freibauern, aber
wegen der großen Aktivität der schwarzen Figuren ist Remis wahrscheinlich.}
gxh4 42. gxh4 Kd5 43. Rc8 Bc5 {[%cal Ra2e2]} 44. Kd1 (44. Kd3 Ra3+ 45. Kd2 Rh3
$11 {[%csl Gc5,Gd5,Gh3,Rh4]}) 44... Ra3 45. h5 Rh3 $11 {[%csl Gh3] Wegen der
aktiven schwarzen Figuren ist der weiße Materialvorteil nur von symbolischer
Natur. Er kann nicht verwertet werden.} 46. Bg6 (46. Rh8 Rh1+ 47. Ke2 Rh2+ {
Das ist Dauerschach, denn Weiß wegen ...Bd4+ nie Kc3 spielen.} 48. Kd3 Rh3+ $11
) 46... Rh2 {[%csl Rd1]} 47. Re8 Kc4 48. Re4+ Kc3 49. Rg4 Be3 {[%csl Gc3,Ge3,
Gh2] Ohne aktiven König kann Weiß nichts erreichen.} 50. Rg3 Kd4 51. Rg4+ (51.
Rg4+ Kc3 $11 {Es wurde Remis vereinbart. Weiß kommt nicht voran.}) 1/2-1/2

[Event "Linares 10th"]
[Site "Linares"]
[Date "1992.??.??"]
[Round "11"]
[White "Speelman, Jonathan S"]
[Black "Ivanchuk, Vassily"]
[Result "0-1"]
[WhiteElo "2630"]
[BlackElo "2720"]
[Annotator "Ribli,Z"]
[PlyCount "66"]
[EventDate "1992.02.??"]
[EventType "tourn"]
[EventRounds "13"]
[EventCountry "ESP"]
[EventCategory "17"]
[SourceTitle "CBM 028"]
[Source "ChessBase"]
[SourceDate "1992.06.01"]
[SourceVersion "1"]
[SourceVersionDate "1992.06.01"]
[SourceQuality "1"]

1. Nf3 c5 2. c4 Nc6 3. e3 e5 4. Nc3 (4. d4 cxd4 5. exd4 e4 6. Nfd2 f5 7. d5 Ne5
8. Be2 Nf6 9. O-O $13) 4... Nf6 5. d4 (5. Be2 d5 6. cxd5 Nxd5 7. O-O Nc7 8. b3
Be7 9. Bb2 O-O 10. Rc1 b6 $13 {Wirthenson,H-Hansen,Cu  Hamburg SKA 1991 CBM/24}
) 5... cxd4 6. exd4 e4 7. Nd2 (7. Ng5 Bb4 8. d5 Ne5 9. Be2 O-O 10. O-O Bxc3 11.
bxc3 d6 12. Qd4 Bf5 13. f4 exf3 14. Nxf3 Nxf3+ 15. Bxf3 Qb6 $13 {Arkhipov,
S-Ernst,T Gausdal International 1991 CBM/25}) (7. d5 exf3 8. dxc6 dxc6 (8...
Qe7+ $5 9. Be3 fxg2 10. cxd7+ Bxd7 11. Bxg2 Bc6 $13) 9. Qxf3 Bg4 10. Qe3+ Be7
11. Be2 $10 {Silseth,S-Ilinsky,V Gausdal International 1991 CBM/25}) (7. Ne5 $5
Bb4 8. Be2 Qa5 9. Nxc6 dxc6 10. O-O O-O 11. Bd2 Re8 12. a3 Bxc3 13. Bxc3 Qg5
14. Qc1 Qh4 15. Qe3 $14 {Hansen,Cu-Cramling,P Hamburg SKA 1991 CBM/24}) 7...
Bb4 $1 8. Ndb1 (8. d5 Ne5 9. Be2 O-O 10. Qc2 Nd3+ 11. Bxd3 exd3 12. Qxd3 Re8+
13. Kf1 d6 $44 {Nei-Bondarevski URS 1963}) 8... d5 $1 9. a3 Bxc3+ 10. bxc3 (10.
Nxc3 $5 dxc4 11. d5 Ne5 12. Bxc4 O-O 13. Be2 Bf5 $13) 10... Be6 11. cxd5 Qxd5
12. Be2 O-O 13. O-O Na5 14. Nd2 Rac8 15. Rb1 $6 (15. Bb2 $5) 15... b6 16. c4
Qxd4 17. Bb2 Qd8 18. Qc2 Re8 19. Rfd1 Qe7 20. Nxe4 Nxe4 21. Qxe4 Nxc4 22. Bxc4
Rxc4 23. Qe3 Rg4 24. Rd4 Rg6 25. Rc1 h6 26. h4 Qb7 27. Qe4 Qb8 28. Qf3 Bc8 $1
29. Qf4 Bh3 30. Kh2 Qa8 31. f3 Bxg2 32. Rc7 Qxf3 33. Qxf3 Bxf3 0-1

[Event "Bled op 13th"]
[Site "Bled"]
[Date "1992.??.??"]
[Round "6"]
[White "Ivacic, Vladimir"]
[Black "Grosar, Aljosa"]
[Result "0-1"]
[WhiteElo "2305"]
[BlackElo "2455"]
[Annotator "Ribli,Z"]
[PlyCount "68"]
[EventDate "1992.03.??"]
[EventType "swiss"]
[EventRounds "9"]
[EventCountry "SLO"]
[SourceTitle "CBM 029"]
[Source "ChessBase"]
[SourceDate "1992.08.01"]
[SourceVersion "1"]
[SourceVersionDate "1992.08.01"]
[SourceQuality "1"]

1. c4 c5 2. Nc3 Nf6 3. g3 d5 4. cxd5 Nxd5 5. Bg2 Nc7 6. Qa4+ $6 (6. Qb3 $5) (6.
d3 $5) 6... Bd7 $1 (6... Nd7 7. Nf3 f6 8. d4 cxd4 9. Nxd4 e5 10. Nf5 $14 {
Webster,A-Galliamova,A Prestwich 1990 CBM/18}) (6... Qd7 7. Qc4 e6 8. Nf3 Nc6
9. O-O Be7 10. Rd1 Bf6 11. d3 $14 {Doda-Witkowski Polanica Zdroj 1964}) 7. Qc4
Nc6 $1 8. Qxc5 e5 9. Qe3 Ne6 10. Nf3 Bc5 $44 11. Qe4 f5 $1 12. Qd5 (12. Qxf5 $2
Nf4 $19) 12... Qf6 13. O-O e4 14. Ne1 O-O-O $1 15. d3 Be8 16. Qc4 $2 (16. Qb3
$5 Ncd4 $44) 16... Na5 17. Nxe4 fxe4 18. Qxe4 Bc6 19. Qg4 h5 20. Qh3 Bd7 $19
21. Nf3 g5 22. g4 hxg4 23. Qxg4 Nf4 24. Qxg5 Qxg5 25. Nxg5 Nxe2+ 26. Kh1 Rdf8
27. Bd2 Bd6 28. h3 Nc6 29. Be3 Nf4 30. Rfc1 Nxh3 31. Nxh3 Bxh3 32. Bxa7 Bf5+
33. Kg1 Bxd3 34. Bd5 Rfg8+ 0-1

[Event "EU-ch 6th"]
[Site "Warsaw"]
[Date "2005.06.29"]
[Round "11"]
[White "Cvitan, Ognjen"]
[Black "Huzman, Alexander"]
[Result "1-0"]
[WhiteElo "2481"]
[BlackElo "2577"]
[Annotator "Ribli,Z"]
[PlyCount "55"]
[EventDate "2005.06.18"]
[EventType "swiss"]
[EventRounds "13"]
[EventCountry "POL"]
[SourceTitle "CBM 108"]
[Source "ChessBase"]
[SourceDate "2005.09.26"]
[SourceVersion "1"]
[SourceVersionDate "2005.09.26"]
[SourceQuality "1"]

1. c4 c5 2. Nf3 Nf6 3. Nc3 d5 4. cxd5 Nxd5 5. g3 {Dieser Zug führt zum
nachhaltigem Spiel. Die Hauptalternativen sind 5.e3, 5.d4 und 5.e4.} Nc6 6. Bg2
Nc7 {Mit diesem Springerzug bereitet Schwarz 6...e5 vor. Ein bekannter Fehler
wäre 6....e5?? wegen 7.Nxe5.} 7. O-O e5 8. b3 {Eine wenig aktive Fortsetzung:
8.d3 Be7 9.Nd2 Be7 10.Nc4 f6 11.f4 b5 ist die Hauptvariante mit dynamischem
Spiel.} Be7 (8... Bg4 $5 9. Bb2 Qd7 10. Rc1 f6 11. d3 Be7 12. Nd2 Rc8 13. Nc4
O-O 14. Ne3 Be6 15. Ne4 b6 {0-1 Foisor,C-Chuchelov,V/France 1998/CBM 068/
[Chuchelov] (57)}) 9. Bb2 O-O 10. Rc1 f6 11. e3 {Weiß möchte d4 kontrollieren
und möglicherweise anschließend d2-d4 spielen.} (11. Ne1 Bd7 12. Nd3 Rc8 13. f4
exf4 14. Nxf4 b6 15. e3 Ne5 16. Ncd5 Bg4 {1/2-1/2 Raicevic,M-Pavlovic,M/Bar
2005/(26)}) 11... Bg4 12. h3 Bh5 13. a3 $5 {Ein sinnvoller Wartezug: Weiß
verteidigt sich gegen die Möglichkeit Nc6-b4; Schwarz muss auch mit 14.Na4 und
15.g4 nebst 16.d2-d4 rechnen.} (13. g4 Bg6 14. Na4 Ne6 15. d4 cxd4 16. exd4
exd4 17. Nh4 Qd6 18. Qf3 Rac8 19. Nxg6 hxg6 20. Rfe1 Rfd8 21. Qe4 Kf7 22. Ba3
Qd7 {0-1 Petran,P-Kijac,M/Bratislava 1986/EXT 98 (37)}) 13... Qd7 $2 {[%mdl
8192] Dieser Zug ist - auf den ersten Blick - eine normale positionelle
Fortsetzung, aber in Wirklichkeit ein großer Fehler, der den Gewinn der Partie
kostet.} (13... f5 $142) (13... Bf7 $142) {[#]} 14. Nxe5 $1 {[%cal Rd1h5,Re5d7]
Nach dieser kleiner Kombination erhält Weiß eine klar bessere Stellung.} Nxe5 (
14... Bxd1 15. Nxd7 $16) (14... Qe8 15. Nf3 $16) 15. Qxh5 Qxd2 (15... Nd3 16.
Rb1 $16) 16. Ba1 $16 {[%csl Yd5,Gg2][%cal Gg2a8,Rf1d1,Rd1d2] Die Stellung ist
nur materiell gleich, Weiß kontrolliert die weißen Felder und sein g2B steht
sehr gut.} g6 17. Qh4 (17. Qd1 $16) 17... Qd7 18. Rfd1 {[%csl Ga1,Gd1,Yd5,Gg2]
[%mdl 2048] Mit Tempo gespielt.} (18. Bxb7 Rab8 19. Bg2 Rxb3 20. Ne4 Ne6 21.
Rfd1 Rd3 22. Rxd3 Nxd3 23. Rd1 $16) 18... Qe8 19. Nd5 (19. Bxb7 Rb8 20. Qe4 $18
) 19... Nxd5 20. Bxd5+ Kg7 21. Bxb7 Rb8 22. Qe4 {[%csl Ga1,Gb7,Rg7][%cal Ra1g7]
Es droht 23.Bxe5 mit weiterem Materialgewinn und der Kg7 steht unsicher.} Qb5 (
22... Nf7 23. Bc6 $18) 23. Bd5 Bd8 (23... Bd6 24. f4 $18 (24. Bc6 $18)) 24.
Bxe5 fxe5 25. Qxe5+ $18 {Mit zwei Mehrbauern steht Weiß auf Gewinn.} Bf6 26.
Qc7+ Kh6 27. Bc4 Qb6 28. Rd7 1-0

[Event "Bern op"]
[Site "Bern"]
[Date "1992.??.??"]
[Round "7"]
[White "Contin, Daniel"]
[Black "Tukmakov, Vladimir B"]
[Result "0-1"]
[WhiteElo "2335"]
[BlackElo "2535"]
[Annotator "Ribli,Z"]
[PlyCount "104"]
[EventDate "1992.02.??"]
[EventType "swiss"]
[EventRounds "9"]
[EventCountry "SUI"]
[SourceTitle "CBM 028"]
[Source "ChessBase"]
[SourceDate "1992.06.01"]
[SourceVersion "1"]
[SourceVersionDate "1992.06.01"]
[SourceQuality "1"]

1. c4 c5 2. Nc3 Nf6 3. g3 d5 4. cxd5 Nxd5 5. Bg2 Nc7 (5... Nb4 $6 6. Nf3 N4c6
7. O-O e5 8. e3 Be7 9. d4 $1 exd4 10. exd4 Nxd4 11. Nxd4 cxd4 12. Nd5 Nc6 13.
b4 a6 14. Bb2 $14 {Sunye Neto,J-Popovic,P Palma de Mallorca GMA 1989 48/49}) 6.
Qb3 Nc6 (6... Nd7 $5 7. Nf3 e5 8. d3 Be7 9. O-O O-O 10. Nd2 Nb6 11. a4 Be6 12.
Qd1 Rb8 13. a5 Nbd5 14. Nc4 f6 15. f4 exf4 16. gxf4 Qd7 $13 {Poldauf,
D-Terterians,V Podolsk 1991 EXP/26}) 7. Bxc6+ bxc6 8. Nf3 (8. Qa4 Qd7 $5 (8...
Bd7 9. Nf3 f6 10. O-O e5 11. d3 Be7 $6 (11... Rb8 $5) 12. Be3 $1 Rb8 13. Rfc1
Ne6 14. Qxa7 Nd4 15. Bxd4 cxd4 16. Ne4 O-O 17. Nfd2 $16 {Dorfman,I-Thorsteins,
K New York op 1989 CBM/12 47/(59)}) 9. Nf3 f6 10. d3 e5 11. Be3 Nd5 12. Rc1 Rb8
13. b3 c4 14. Qxc4 $2 (14. Nxd5 cxd5 15. Qxd7+ Bxd7 16. dxc4 Ba3 17. Rd1 dxc4
18. bxc4 Ba4 $19) 14... Rb4 {0-1 Sher,M-Brglez,R Ptuj 1991 EXP/24}) 8... Ne6 (
8... f6 $5) 9. Qa4 Nd4 10. Ne5 Qc7 11. f4 f6 12. Nc4 h5 13. e3 Nb5 14. Ne4 (14.
Nxb5 cxb5 15. Qxb5+ Bd7 16. Qa5 Qc6 $44) 14... h4 15. Qc2 hxg3 16. Nxg3 Be6 17.
a4 (17. b3 Bd5 $1 18. e4 Nd4 $17) 17... Nd6 18. b3 O-O-O 19. Rb1 g5 20. f5 (20.
fxg5 fxg5 21. Bb2 Rh4 22. Be5 Qd7 $13) 20... Bf7 21. Bb2 Rh4 22. e4 Nxc4 23.
bxc4 Rxh2 24. e5 (24. Rxh2 Qxg3+ 25. Rf2 Rd3 $17) 24... Rxh1+ 25. Nxh1 fxe5 26.
Qe4 Bg7 27. Bc3 Kd7 28. Nf2 Rb8 29. Rxb8 Qxb8 30. Nd3 Qd6 31. Bxe5 Bxe5 32.
Nxe5+ Ke8 33. d3 (33. Nxc6 $5) 33... Kf8 34. Kf2 Be8 35. Kg3 (35. Ke3 $5) 35...
Kg7 36. Kg2 (36. a5 $5) 36... Qd4 37. Qxd4 cxd4 38. Kf3 c5 39. a5 Kh6 40. Ke4
Kh5 41. Kd5 g4 42. Kxc5 g3 43. Kxd4 g2 44. Nf3 Kg4 45. Ng1 Kf4 46. a6 Bd7 47.
Ne2+ Kf3 48. Ng1+ Kf2 49. Nh3+ Kg3 50. Ng1 Kh2 51. Ne2 Bxf5 52. c5 Bg4 0-1